[Event "European-ch Seniors 2018"]
[Site "Drammen"]
[Date "2018.08.07"]
[Round "4"]
[White "Vorotnikov, Vladislav V"]
[Black "Moe, Mogens"]
[Result "1-0"]
[WhiteElo "2445"]
[BlackElo "2150"]
[Annotator "NA"]
[PlyCount "93"]
[EventDate "2018.08.04"]
[EventType "swiss"]
[EventCountry "NOR"]
[SourceTitle "playchess.com"]
[Source "ChessBase"]
[SourceQuality "1"]
[TimeControl "40/5400+30:1800+30"]

1. e4 {[%emt 0:00:00]} c5 {[%emt 0:00:00]} 2. Nf3 {[%emt 0:00:16]} e6 {[%emt 0:00:00]} 3. b3 {[%emt 0:03:30]} Nc6 {[%emt 0:01:24]} 4. Bb2 {[%emt 0:01:39]} d6 {[%emt 0:07:45]} 5. g3 {[%emt 0:12:13]} Nf6 {[%emt 0:00:28]} 6. d3 {[%emt 0:00:21]} e5 {[%emt 0:13:53]} 7. Bg2 {[%emt 0:00:32]} Be6 {[%emt 0:00:38]} 8. O-O {[%emt 0:00:40]} h6 {[%emt 0:08:53]} 9. c3 {[%emt 0:04:36]} Qd7 {[%emt 0:07:03]} 10. d4 {[%emt 0:01:58]} Bh3 {[%emt 0:03:55]} 11. Nbd2 {[%emt 0:04:29]} Bxg2 {[%emt 0:02:47]} 12. Kxg2 {[%emt 0:01:31]} O-O-O {[%emt 0:00:30]} 13. d5 {[%emt 0:05:36]} Ne7 {[%emt 0:00:08]} 14. b4 {[%emt 0:00:13]} cxb4 {[%emt 0:00:46]} 15. c4 {[%emt 0:00:50]} b6 {[%emt 0:03:56]} 16. a3 {[%emt 0:03:13]} bxa3 {[%emt 0:00:15]} 17. Rxa3 {[%emt 0:00:30]} Kb8 {[%emt 0:01:56]} 18. c5 {[%emt 0:03:05]} bxc5 {[%emt 0:00:19]} 19. Nc4 {[%emt 0:00:18]} Nc8 {[%emt 0:04:08]} 20. Na5 {[%emt 0:06:10]} Ka8 {[%emt 0:00:48]} 21. Nc6 {[%emt 0:00:13]} Be7 {[%emt 0:00:38]} 22. Rb3 {[%emt 0:31:07]} Qc7 {[%emt 0:02:34]} 23. Bc3 {[%emt 0:06:01]} Nb6 {[%emt 0:01:39]} 24. Ba5 {[%emt 0:02:59]} Rb8 {[%emt 0:00:13]} 25. Bxb6 {[%emt 0:00:51]} Rxb6 {[%emt 0:00:25]} 26. Rxb6 {[%emt 0:00:10]} Qxb6 {[%emt 0:02:38]} 27. Nxe7 {[%emt 0:00:05]} Nxe4 {[%emt 0:00:30]} 28. Qc2 {[%emt 0:02:26]} Nf6 {[%emt 0:00:50]} 29. Rb1 {[%emt 0:02:37]} Qc7 {[%emt 0:08:30]} 30. Qa4 {[%emt 0:00:13]} Rb8 {[%emt 0:00:37]} 31. Rxb8+ {[%emt 0:00:12]} Kxb8 {[%emt 0:02:12]} 32. Nc6+ {[%emt 0:00:16]} Ka8 {[%emt 0:00:10]} 33. Qc4 {[%emt 0:00:54]} Nd7 {[%emt 0:02:33]} 34. Nd2 {[%emt 0:00:26]} Nb6 {[%emt 0:01:24]} 35. Qd3 {[%emt 0:01:45]} f5 {[%emt 0:05:31]} 36. Nc4 {[%emt 0:00:45]} Nxc4 {[%emt 0:06:00]} 37. Qxc4 {[%emt 0:00:02]} Qb7 {[%emt 0:00:18]} 38. h4 {[%emt 0:01:41]} g6 {[%emt 0:01:00]} 39. Qa4 {[%emt 0:00:47]} Qf7 {[%emt 0:05:08]} 40. f3 {[%emt 0:00:00]} Qb7 {[%emt 0:00:00]} 41. Na5 {[%emt 0:05:16]} Qc8 {[%emt 0:08:26]} 42. Nc4 {[%emt 0:00:22]} Qc7 {[%emt 0:00:26]} 43. Qa6 {[%emt 0:06:23]} Kb8 {[%emt 0:01:49]} 44. Nxd6 {[%emt 0:01:26]} Qd7 {[%emt 0:00:08]} 45. Nb5 {[%emt 0:05:20]} c4 {[%emt 0:01:56]} 46. d6 {[%emt 0:07:43]} f4 {[%emt 0:05:15]} 47. Nxa7 {[%emt 0:01:05]} 1-0

[Event "European-ch Seniors 2018"]
[Site "Drammen"]
[Date "2018.08.07"]
[Round "4"]
[White "Bogdanov, Valentin"]
[Black "Ogaard, Leif"]
[Result "1/2-1/2"]
[WhiteElo "2356"]
[BlackElo "2386"]
[Annotator "NA"]
[PlyCount "128"]
[EventDate "2018.08.04"]
[EventType "swiss"]
[EventCountry "NOR"]
[SourceTitle "playchess.com"]
[Source "ChessBase"]
[SourceQuality "1"]
[TimeControl "40/5400+30:1800+30"]

1. d4 {[%emt 0:00:00]} Nf6 {[%emt 0:00:00]} 2. c4 {[%emt 0:00:00]} e6 {[%emt 0:00:18]} 3. Nc3 {[%emt 0:00:00]} d5 {[%emt 0:01:53]} 4. cxd5 {[%emt 0:00:46]} exd5 {[%emt 0:00:17]} 5. Bg5 {[%emt 0:00:13]} Be7 {[%emt 0:00:20]} 6. e3 {[%emt 0:00:20]} c6 {[%emt 0:01:01]} 7. Bd3 {[%emt 0:01:25]} O-O {[%emt 0:01:39]} 8. Qc2 {[%emt 0:00:33]} Nbd7 {[%emt 0:00:25]} 9. Nge2 {[%emt 0:01:54]} Re8 {[%emt 0:00:29]} 10. O-O {[%emt 0:02:37]} Nf8 {[%emt 0:00:12]} 11. Nf4 {[%emt 0:05:48]} Ng6 {[%emt 0:12:03]} 12. Nxg6 {[%emt 0:05:27]} hxg6 {[%emt 0:00:20]} 13. Rab1 {[%emt 0:08:22]} Ng4 {[%emt 0:12:34]} 14. Bxe7 {[%emt 0:03:56]} Qc7 {[%emt 0:00:48]} 15. g3 {[%emt 0:01:46]} Qxe7 {[%emt 0:00:07]} 16. Rbe1 {[%emt 0:04:06]} Nh6 {[%emt 0:07:44]} 17. f3 {[%emt 0:01:35]} Bh3 {[%emt 0:03:44]} 18. Rf2 {[%emt 0:00:09]} Nf5 {[%emt 0:00:38]} 19. Bxf5 {[%emt 0:02:12]} Bxf5 {[%emt 0:02:23]} 20. Qd2 {[%emt 0:00:06]} Rad8 {[%emt 0:01:03]} 21. Ree2 {[%emt 0:04:25]} g5 {[%emt 0:01:37]} 22. g4 {[%emt 0:03:32]} Bg6 {[%emt 0:02:46]} 23. Na4 {[%emt 0:04:00]} Rd6 {[%emt 0:01:34]} 24. Rf1 {[%emt 0:02:36]} b6 {[%emt 0:01:49]} 25. b4 {[%emt 0:01:16]} Re6 {[%emt 0:00:31]} 26. Rfe1 {[%emt 0:00:26]} f5 {[%emt 0:00:28]} 27. h3 {[%emt 0:03:13]} Rf8 {[%emt 0:05:45]} 28. Kg2 {[%emt 0:02:17]} Ref6 {[%emt 0:02:55]} 29. Rf2 {[%emt 0:03:38]} Qf7 {[%emt 0:01:55]} 30. Ref1 {[%emt 0:00:37]} f4 {[%emt 0:00:38]} 31. exf4 {[%emt 0:02:19]} Rxf4 {[%emt 0:02:36]} 32. Nc3 {[%emt 0:00:52]} Qe7 {[%emt 0:01:58]} 33. a3 {[%emt 0:02:00]} R4f7 {[%emt 0:02:03]} 34. Re1 {[%emt 0:01:46]} Qf6 {[%emt 0:12:04]} 35. Re5 {[%emt 0:01:30]} Re7 {[%emt 0:05:26]} 36. Rxg5 {[%emt 0:05:24]} Rfe8 {[%emt 0:00:56]} 37. f4 {[%emt 0:01:10]} Qd6 {[%emt 0:10:52]} 38. Re5 {[%emt 0:00:31]} a5 {[%emt 0:00:23]} 39. f5 {[%emt 0:06:57]} axb4 {[%emt 0:00:44]} 40. axb4 {[%emt 0:00:00]} Bf7 {[%emt 0:00:00]} 41. Rxe7 {[%emt 0:03:47]} Rxe7 {[%emt 0:00:59]} 42. Ne2 {[%emt 0:02:13]} c5 {[%emt 0:01:19]} 43. bxc5 {[%emt 0:00:20]} bxc5 {[%emt 0:00:07]} 44. Ng3 {[%emt 0:00:32]} Rc7 {[%emt 0:05:57]} 45. f6 {[%emt 0:02:40]} g6 {[%emt 0:06:24]} 46. Qg5 {[%emt 0:02:13]} cxd4 {[%emt 0:02:01]} 47. Nf5 {[%emt 0:02:20]} Qe6 {[%emt 0:00:14]} 48. Ne7+ {[%emt 0:03:05]} Kf8 {[%emt 0:03:17]} 49. Nxg6+ {[%emt 0:02:45]} Ke8 {[%emt 0:05:12]} 50. Ne5 {[%emt 0:01:25]} d3 {[%emt 0:00:15]} 51. Qf4 {[%emt 0:01:11]} Rc4 {[%emt 0:01:26]} 52. Nxc4 {[%emt 0:05:40]} dxc4 {[%emt 0:00:08]} 53. Rb2 {[%emt 0:00:31]} Qd5+ {[%emt 0:02:06]} 54. Kg3 {[%emt 0:01:12]} Kd7 {[%emt 0:00:14]} 55. Ra2 {[%emt 0:05:42]} Qc5 {[%emt 0:08:19]} 56. Kh4 {[%emt 0:04:54]} c3 {[%emt 0:01:14]} 57. Ra4 {[%emt 0:03:03]} d2 {[%emt 0:00:18]} 58. Rd4+ {[%emt 0:03:39]} Kc6 {[%emt 0:00:09]} 59. Rxd2 {[%emt 0:03:56]} cxd2 {[%emt 0:00:09]} 60. Qxd2 {[%emt 0:00:07]} Qe5 {[%emt 0:00:32]} 61. Qf2 {[%emt 0:01:42]} Kb7 {[%emt 0:02:13]} 62. Qf5 {[%emt 0:02:23]} Qxf5 {[%emt 0:01:44]} 63. gxf5 {[%emt 0:00:01]} Kc6 {[%emt 0:00:02]} 64. Kg5 {[%emt 0:00:22]} Kd7 {[%emt 0:00:03]} 1/2-1/2

[Event "European-ch Seniors 2018"]
[Site "Drammen"]
[Date "2018.08.07"]
[Round "4"]
[White "Elseth, Roar"]
[Black "Sielicki, Tomasz"]
[Result "1-0"]
[WhiteElo "2311"]
[BlackElo "1956"]
[Annotator "NA"]
[PlyCount "189"]
[EventDate "2018.08.04"]
[EventType "swiss"]
[EventCountry "NOR"]
[SourceTitle "playchess.com"]
[Source "ChessBase"]
[SourceQuality "1"]
[TimeControl "40/5400+30:1800+30"]

1. e4 {[%emt 0:00:00]} e5 {[%emt 0:00:17]} 2. Nf3 {[%emt 0:00:00]} Nc6 {[%emt 0:00:07]} 3. Bb5 {[%emt 0:00:11]} f5 {[%emt 0:00:15]} 4. d3 {[%emt 0:00:29]} fxe4 {[%emt 0:00:19]} 5. dxe4 {[%emt 0:00:10]} Nf6 {[%emt 0:00:50]} 6. O-O {[%emt 0:02:53]} Bc5 {[%emt 0:00:14]} 7. Nc3 {[%emt 0:08:33]} O-O {[%emt 0:02:36]} 8. Qe2 {[%emt 0:34:58]} d6 {[%emt 0:03:58]} 9. Bxc6 {[%emt 0:13:36]} bxc6 {[%emt 0:00:20]} 10. Qc4+ {[%emt 0:00:10]} Kh8 {[%emt 0:00:54]} 11. Nxe5 {[%emt 0:00:16]} Qe8 {[%emt 0:01:40]} 12. Nd3 {[%emt 0:00:08]} Be6 {[%emt 0:10:48]} 13. Qa4 {[%emt 0:00:13]} Bb6 {[%emt 0:06:45]} 14. Bf4 {[%emt 0:07:38]} Qg6 {[%emt 0:06:49]} 15. Bg3 {[%emt 0:03:50]} Nh5 {[%emt 0:05:13]} 16. Qxc6 {[%emt 0:06:43]} Rad8 {[%emt 0:09:58]} 17. Kh1 {[%emt 0:04:41]} Rf7 {[%emt 0:10:40]} 18. Bh4 {[%emt 0:06:12]} Rdf8 {[%emt 0:02:45]} 19. Qa4 {[%emt 0:06:49]} Qg4 {[%emt 0:02:02]} 20. e5 {[%emt 0:00:01]} Nf4 {[%emt 0:06:34]} 21. Bg3 {[%emt 0:00:26]} Bd7 {[%emt 0:04:09]} 22. Qe4 {[%emt 0:00:11]} Nxd3 {[%emt 0:08:57]} 23. Qxg4 {[%emt 0:00:01]} Bxg4 {[%emt 0:05:02]} 24. cxd3 {[%emt 0:00:09]} Bxf2 {[%emt 0:01:08]} 25. Bxf2 {[%emt 0:00:15]} Rxf2 {[%emt 0:00:32]} 26. Rxf2 {[%emt 0:00:06]} Rxf2 {[%emt 0:00:08]} 27. Re1 {[%emt 0:02:45]} dxe5 {[%emt 0:00:39]} 28. h3 {[%emt 0:00:05]} Bd7 {[%emt 0:06:53]} 29. Rxe5 {[%emt 0:00:09]} Kg8 {[%emt 0:00:51]} 30. Rc5 {[%emt 0:00:33]} Rxb2 {[%emt 0:01:31]} 31. Rxc7 {[%emt 0:00:07]} Bf5 {[%emt 0:00:39]} 32. d4 {[%emt 0:00:01]} Rd2 {[%emt 0:00:59]} 33. d5 {[%emt 0:00:08]} a5 {[%emt 0:00:47]} 34. a4 {[%emt 0:00:16]} Rd3 {[%emt 0:00:19]} 35. Kg1 {[%emt 0:00:39]} g5 {[%emt 0:00:27]} 36. Rc5 {[%emt 0:00:20]} g4 {[%emt 0:00:31]} 37. hxg4 {[%emt 0:00:08]} Bxg4 {[%emt 0:00:02]} 38. Ne4 {[%emt 0:00:41]} Bf5 {[%emt 0:00:54]} 39. Nd6 {[%emt 0:00:26]} Bd7 {[%emt 0:00:37]} 40. Rxa5 {[%emt 0:00:00]} Rd4 {[%emt 0:00:00]} 41. Ra8+ {[%emt 0:01:03]} Kg7 {[%emt 0:00:38]} 42. Ra7 {[%emt 0:00:07]} Rxd5 {[%emt 0:00:37]} 43. Rxd7+ {[%emt 0:00:14]} Kg6 {[%emt 0:00:09]} 44. Nf7 {[%emt 0:04:13]} Ra5 {[%emt 0:00:21]} 45. Nh8+ {[%emt 0:02:40]} Kh6 {[%emt 0:01:24]} 46. Rd4 {[%emt 0:02:27]} Kg7 {[%emt 0:00:18]} 47. g4 {[%emt 0:01:13]} Kxh8 {[%emt 0:00:19]} 48. Kf2 {[%emt 0:00:11]} Kg7 {[%emt 0:01:42]} 49. Ke3 {[%emt 0:00:09]} h5 {[%emt 0:10:12]} 50. gxh5 {[%emt 0:00:06]} Rxh5 {[%emt 0:00:08]} 51. Kd3 {[%emt 0:00:31]} Kf6 {[%emt 0:01:45]} 52. Kc4 {[%emt 0:00:11]} Ke6 {[%emt 0:03:37]} 53. Kb4 {[%emt 0:00:16]} Rh1 {[%emt 0:01:03]} 54. Kb5 {[%emt 0:06:08]} Rb1+ {[%emt 0:00:37]} 55. Ka6 {[%emt 0:00:21]} Rb2 {[%emt 0:00:37]} 56. a5 {[%emt 0:00:16]} Ke7 {[%emt 0:00:42]} 57. Ka7 {[%emt 0:00:14]} Rb1 {[%emt 0:00:30]} 58. a6 {[%emt 0:00:42]} Rb2 {[%emt 0:00:13]} 59. Rd5 {[%emt 0:00:40]} Rb1 {[%emt 0:00:36]} 60. Ka8 {[%emt 0:00:31]} Rb2 {[%emt 0:00:08]} 61. Rh5 {[%emt 0:06:37]} Kd8 {[%emt 0:01:40]} 62. Rh7 {[%emt 0:02:14]} Kc8 {[%emt 0:00:45]} 63. Rb7 {[%emt 0:01:22]} Ra2 {[%emt 0:00:11]} 64. Rb6 {[%emt 0:00:53]} Kc7 {[%emt 0:01:06]} 65. Ka7 {[%emt 0:00:33]} Ra1 {[%emt 0:00:13]} 66. Rb3 {[%emt 0:00:19]} Ra2 {[%emt 0:00:50]} 67. Rc3+ {[%emt 0:00:12]} Kd7 {[%emt 0:00:21]} 68. Rc5 {[%emt 0:00:45]} Rb2 {[%emt 0:00:36]} 69. Ka8 {[%emt 0:00:29]} Rb1 {[%emt 0:00:08]} 70. Rh5 {[%emt 0:01:30]} Kc7 {[%emt 0:00:49]} 71. Rh8 {[%emt 0:01:20]} Rb2 {[%emt 0:00:43]} 72. Rh7+ {[%emt 0:00:52]} Kc8 {[%emt 0:00:11]} 73. Ka7 {[%emt 0:00:24]} Rb1 {[%emt 0:00:27]} 74. Rb7 {[%emt 0:00:05]} Ra1 {[%emt 0:00:11]} 75. Rb5 {[%emt 0:00:12]} Kc7 {[%emt 0:00:27]} 76. Rc5+ {[%emt 0:00:15]} Kd7 {[%emt 0:00:09]} 77. Rc2 {[%emt 0:01:08]} Rb1 {[%emt 0:00:19]} 78. Ka8 {[%emt 0:00:46]} Rb3 {[%emt 0:00:19]} 79. a7 {[%emt 0:00:54]} Rb1 {[%emt 0:00:23]} 80. Rh2 {[%emt 0:00:19]} Kc7 {[%emt 0:00:34]} 81. Rh7+ {[%emt 0:00:21]} Kc8 {[%emt 0:00:41]} 82. Rh8+ {[%emt 0:00:06]} Kc7 {[%emt 0:00:11]} 83. Rb8 {[%emt 0:00:14]} Ra1 {[%emt 0:00:47]} 84. Rb3 {[%emt 0:00:15]} Kc8 {[%emt 0:00:47]} 85. Rc3+ {[%emt 0:00:12]} Kd7 {[%emt 0:00:08]} 86. Rh3 {[%emt 0:01:55]} Kc8 {[%emt 0:01:08]} 87. Rh5 {[%emt 0:00:35]} Rb1 {[%emt 0:00:24]} 88. Rh8+ {[%emt 0:00:13]} Kc7 {[%emt 0:00:12]} 89. Rb8 {[%emt 0:00:04]} Ra1 {[%emt 0:00:09]} 90. Rb5 {[%emt 0:00:03]} Kc8 {[%emt 0:00:53]} 91. Rc5+ {[%emt 0:00:09]} Kd7 {[%emt 0:00:33]} 92. Kb7 {[%emt 0:00:08]} Kd6 {[%emt 0:07:37]} 93. Rh5 {[%emt 0:00:31]} Rb1+ {[%emt 0:00:51]} 94. Ka6 {[%emt 0:00:08]} Kc7 {[%emt 0:04:27]} 95. a8=Q {[%emt 0:00:20]} 1-0

[Event "European-ch Seniors 2018"]
[Site "Drammen"]
[Date "2018.08.07"]
[Round "4"]
[White "Gaprindashvili, Nona"]
[Black "Gruzmann, Boris"]
[Result "1-0"]
[WhiteElo "2305"]
[BlackElo "2183"]
[Annotator "NA"]
[PlyCount "71"]
[EventDate "2018.08.04"]
[EventType "swiss"]
[EventCountry "NOR"]
[SourceTitle "playchess.com"]
[Source "ChessBase"]
[SourceQuality "1"]
[TimeControl "40/5400+30:1800+30"]

1. d4 {[%emt 0:00:00]} Nf6 {[%emt 0:00:00]} 2. c4 {[%emt 0:00:00]} d6 {[%emt 0:00:10]} 3. Nc3 {[%emt 0:00:00]} g6 {[%emt 0:00:41]} 4. e4 {[%emt 0:00:07]} Bg7 {[%emt 0:00:14]} 5. Be2 {[%emt 0:00:09]} O-O {[%emt 0:00:13]} 6. Bg5 {[%emt 0:00:05]} h6 {[%emt 0:01:01]} 7. Be3 {[%emt 0:00:03]} e5 {[%emt 0:00:37]} 8. d5 {[%emt 0:00:11]} c6 {[%emt 0:01:45]} 9. g4 {[%emt 0:01:36]} Qa5 {[%emt 0:03:43]} 10. f3 {[%emt 0:00:17]} cxd5 {[%emt 0:06:44]} 11. cxd5 {[%emt 0:00:08]} h5 {[%emt 0:03:34]} 12. h3 {[%emt 0:01:16]} a6 {[%emt 0:00:57]} 13. Rb1 {[%emt 0:02:42]} b5 {[%emt 0:02:56]} 14. b4 {[%emt 0:00:11]} Qc7 {[%emt 0:01:19]} 15. Rc1 {[%emt 0:00:57]} Qb7 {[%emt 0:02:12]} 16. Kf1 {[%emt 0:12:25]} Nbd7 {[%emt 0:01:38]} 17. a4 {[%emt 0:03:52]} bxa4 {[%emt 0:02:39]} 18. Qxa4 {[%emt 0:00:10]} Rb8 {[%emt 0:15:33]} 19. Rb1 {[%emt 0:03:37]} Ne8 {[%emt 0:07:27]} 20. Bd3 {[%emt 0:03:22]} Nc7 {[%emt 0:04:13]} 21. Qc6 {[%emt 0:09:04]} hxg4 {[%emt 0:10:01]} 22. hxg4 {[%emt 0:02:09]} Re8 {[%emt 0:04:46]} 23. Nge2 {[%emt 0:12:00]} Bf8 {[%emt 0:01:51]} 24. Kg2 {[%emt 0:00:55]} Qxc6 {[%emt 0:05:36]} 25. dxc6 {[%emt 0:00:02]} Nb6 {[%emt 0:00:13]} 26. Bxb6 {[%emt 0:06:57]} Rxb6 {[%emt 0:00:10]} 27. Nd5 {[%emt 0:00:02]} Nxd5 {[%emt 0:06:37]} 28. exd5 {[%emt 0:00:02]} f5 {[%emt 0:01:52]} 29. gxf5 {[%emt 0:02:19]} Bxf5 {[%emt 0:01:04]} 30. Bxf5 {[%emt 0:00:03]} gxf5 {[%emt 0:00:14]} 31. Ng3 {[%emt 0:00:02]} Rb5 {[%emt 0:01:03]} 32. Rhd1 {[%emt 0:16:58]} Reb8 {[%emt 0:00:18]} 33. Nxf5 {[%emt 0:01:22]} Rxb4 {[%emt 0:01:08]} 34. c7 {[%emt 0:01:12]} Rxb1 {[%emt 0:06:55]} 35. Rxb1 {[%emt 0:00:06]} Rc8 {[%emt 0:00:10]} 36. Ne7+ {[%emt 0:00:08]} 1-0

[Event "European-ch Seniors 2018"]
[Site "Drammen"]
[Date "2018.08.07"]
[Round "4"]
[White "Clark, Gary M"]
[Black "Agdestein, Simen"]
[Result "0-1"]
[WhiteElo "2285"]
[BlackElo "2576"]
[Annotator "TA"]
[PlyCount "116"]
[EventDate "2018.08.04"]
[EventType "swiss"]
[EventCountry "NOR"]
[SourceTitle "playchess.com"]
[Source "ChessBase"]
[SourceQuality "1"]

{[%evp 9,116,25,56,43,52,23,41,33,56,46,50,41,60,54,38,8,16,0,49,61,67,-60,0,0,0,0,0,0,0,0,62,48,78,61,56,54,79,81,76,60,57,8,40,11,35,-2,0,0,31,0,0,0,2,-14,6,4,13,-41,-29,-53,-37,-51,-47,-86,-69,-76,-66,-72,-79,-78,-83,-83,-79,-75,-56,-100,-100,-165,-175,-166,-155,-223,-218,-214,-121,-135,0,-225,-101,-112,-105,-122,-111,-134,-124,-337,-337,-282,-238,-351,-349,-345,-311,-314,-335,-577,-532,-565,-552]} 1. d4 f5 2. c4 e6 3. g3 Nf6 4. Bg2 d5 5. Nh3 g6 (5... Bd6 6. O-O O-O 7. Bf4 Be7 8. Nd2 Nc6 9. Nf3 dxc4 10. Rc1 Ne4 11. Be3 Nb4 12. Rxc4 b5 13. Rxb4 Bxb4 {½-½ (53) Korobov,A (2652)-Grischuk,A (2772) Huaian 2017}) 6. Nd2 $146 {A90: Dutch Defence: Miscellaneous and Modern Stonewall (with ...Bd6)} ({Predecessor:} 6. O-O Bg7 7. Bg5 O-O 8. Nd2 c6 9. e3 Nbd7 10. Nf4 Qe8 11. Nd3 Ne4 12. Bf4 g5 13. Be5 Nxe5 14. Nxe5 {½-½ (26) Kock,H (2153)-Nietsch,H (2078) Halle 2004}) 6... Bg7 7. Nf3 Nc6 8. cxd5 {White is slightly better.} Nxd5 9. O-O O-O 10. Bg5 Qd7 11. Qd2 $1 Nf6 12. Bxf6 Bxf6 13. Rfd1 Rd8 14. Qc2 Qe7 {[%cal Rc6d4]} 15. Nf4 ({White should play} 15. e3 $14) 15... g5 ({Of course not} 15... Bxd4 $6 16. Nxd4 Nxd4 17. Qc4 $16) (15... Nxd4 $15 16. Nxd4 Rxd4) 16. Nh5 $1 $11 {[%cal Rh5f6]} Bh8 {White must now prevent ...Qf7.} 17. h3 Bd7 18. e3 Be8 {[#] aiming for ...Nb4.} 19. g4 {[%cal Bg3g4,Bg4h5][%mdl 32]} Bg6 ({Better is} 19... Nb4 $11 20. Qb3 Bxh5 21. gxh5 c6) 20. Qb3 $14 Rab8 21. Rac1 (21. Ng3 {keeps more tension.} fxg4 22. hxg4 Nb4 23. e4 Bf7 24. a3) 21... Bf7 22. Qc2 Bxh5 23. gxh5 Bf6 24. Qc4 Kh8 25. b3 Qf7 26. Nh2 Rd6 27. Qe2 Nb4 28. Qc4 Nc6 29. Qe2 Nb4 30. Qc4 Na6 31. Qe2 Qd7 32. Nf3 Rd8 33. Re1 (33. Nd2 $11) 33... Nb4 34. a3 Nd5 35. Ne5 Qe7 36. Qc4 Bxe5 37. dxe5 Rc6 38. Qb5 Rxc1 ({Weaker is} 38... Qxa3 39. Rxc6 bxc6 40. Qxc6 $16) 39. Rxc1 c6 ({Don't play} 39... Qxa3 $6 40. Rd1 $14) 40. Qc5 Qxc5 41. Rxc5 $17 {[%mdl 4096] Endgame KRB-KRN} Nb6 42. Rc3 Kg7 43. Bf3 (43. Kf1 $17) 43... Rd2 $19 44. b4 Nd7 45. b5 (45. Kf1 $17) 45... Nxe5 46. Kg2 Nd3 (46... cxb5 $19 47. Bxb7 Nd3) 47. Be2 $17 {[#]} Ne5 (47... Ne1+ $1 $17 48. Kf1 Rc2) 48. Bf3 $1 $19 Rd6 (48... cxb5 $19 {...Kf6 is the strong threat.} 49. Bxb7 Nd3) 49. bxc6 $17 bxc6 {[%cal Bb7c6,Bc6c5,Bc5c4][%mdl 32]} 50. Rc5 Kf6 51. Ra5 Rd7 52. Ra6 $2 (52. h6 $17) 52... c5 $19 53. Be2 c4 {Threatens to win with ...Rd2.} 54. f4 (54. Ra4 {was the only chance.} c3 55. f4) 54... gxf4 55. exf4 Nd3 56. Kf3 Rd4 57. Ke3 $2 (57. Rxa7 Rxf4+ 58. Ke3 Re4+ 59. Kd2) 57... Re4+ 58. Kd2 Nxf4 {Precision: White = 37%, Black = 55%.} 0-1

[Event "European-ch Seniors 2018"]
[Site "Drammen"]
[Date "2018.08.07"]
[Round "4"]
[White "Werner, Clemens"]
[Black "Zhelesny, Stanislav"]
[Result "1-0"]
[WhiteElo "2258"]
[BlackElo "2077"]
[Annotator "NA"]
[PlyCount "67"]
[EventDate "2018.08.04"]
[EventType "swiss"]
[EventCountry "NOR"]
[SourceTitle "playchess.com"]
[Source "ChessBase"]
[SourceQuality "1"]
[TimeControl "40/5400+30:1800+30"]

1. e4 {[%emt 0:00:00]} c6 {[%emt 0:00:00]} 2. d4 {[%emt 0:00:00]} d5 {[%emt 0:00:00]} 3. e5 {[%emt 0:00:14]} Bf5 {[%emt 0:00:00]} 4. Nf3 {[%emt 0:00:25]} e6 {[%emt 0:00:15]} 5. Be2 {[%emt 0:00:08]} Ne7 {[%emt 0:01:29]} 6. O-O {[%emt 0:00:20]} Bg6 {[%emt 0:00:56]} 7. Nbd2 {[%emt 0:02:17]} Bh5 {[%emt 0:05:23]} 8. b3 {[%emt 0:12:24]} Ng6 {[%emt 0:04:10]} 9. Bb2 {[%emt 0:12:12]} Be7 {[%emt 0:10:08]} 10. Re1 {[%emt 0:04:48]} O-O {[%emt 0:03:21]} 11. h3 {[%emt 0:01:19]} Bxf3 {[%emt 0:02:26]} 12. Nxf3 {[%emt 0:01:22]} Nd7 {[%emt 0:02:41]} 13. Qd2 {[%emt 0:06:34]} c5 {[%emt 0:14:27]} 14. a4 {[%emt 0:10:33]} Rc8 {[%emt 0:03:56]} 15. a5 {[%emt 0:02:03]} Qc7 {[%emt 0:04:07]} 16. c4 {[%emt 0:05:45]} cxd4 {[%emt 0:07:09]} 17. cxd5 {[%emt 0:06:42]} Ndxe5 {[%emt 0:00:39]} 18. Nxe5 {[%emt 0:04:36]} Nxe5 {[%emt 0:00:55]} 19. Bxd4 {[%emt 0:02:33]} Bf6 {[%emt 0:09:05]} 20. Bxa7 {[%emt 0:08:21]} exd5 {[%emt 0:00:53]} 21. Rad1 {[%emt 0:03:31]} d4 {[%emt 0:04:50]} 22. b4 {[%emt 0:05:34]} h6 {[%emt 0:09:35]} 23. Bb5 {[%emt 0:01:33]} d3 {[%emt 0:08:45]} 24. Bc5 {[%emt 0:01:27]} Be7 {[%emt 0:04:02]} 25. Rc1 {[%emt 0:03:16]} Bxc5 {[%emt 0:00:53]} 26. Rxc5 {[%emt 0:00:05]} Nc6 {[%emt 0:00:20]} 27. Bxc6 {[%emt 0:00:34]} bxc6 {[%emt 0:00:04]} 28. Qxd3 {[%emt 0:00:07]} Rfd8 {[%emt 0:00:28]} 29. Qc3 {[%emt 0:00:13]} Qf4 {[%emt 0:00:52]} 30. b5 {[%emt 0:01:40]} Rd2 {[%emt 0:00:56]} 31. Qe3 {[%emt 0:00:33]} Qb4 {[%emt 0:00:46]} 32. bxc6 {[%emt 0:00:17]} Rd3 {[%emt 0:00:28]} 33. Qe5 {[%emt 0:02:25]} Kh7 {[%emt 0:00:37]} 34. Qf5+ {[%emt 0:00:16]} 1-0

[Event "European-ch Seniors 2018"]
[Site "Drammen"]
[Date "2018.08.07"]
[Round "4"]
[White "Blechzin, Igor"]
[Black "Holst, Conny"]
[Result "0-1"]
[WhiteElo "2250"]
[BlackElo "2147"]
[Annotator "NA"]
[PlyCount "86"]
[EventDate "2018.08.04"]
[EventType "swiss"]
[EventCountry "NOR"]
[SourceTitle "playchess.com"]
[Source "ChessBase"]
[SourceQuality "1"]
[TimeControl "40/5400+30:1800+30"]

1. d4 {[%emt 0:00:00]} Nf6 {[%emt 0:00:00]} 2. c4 {[%emt 0:00:00]} e6 {[%emt 0:00:00]} 3. Nf3 {[%emt 0:00:00]} Bb4+ {[%emt 0:00:37]} 4. Nbd2 {[%emt 0:01:20]} d6 {[%emt 0:03:41]} 5. e3 {[%emt 0:09:41]} Nc6 {[%emt 0:09:54]} 6. Bd3 {[%emt 0:04:23]} a5 {[%emt 0:01:39]} 7. O-O {[%emt 0:00:40]} Bxd2 {[%emt 0:05:17]} 8. Bxd2 {[%emt 0:05:39]} e5 {[%emt 0:06:27]} 9. d5 {[%emt 0:07:18]} Ne7 {[%emt 0:01:24]} 10. e4 {[%emt 0:00:12]} Ng6 {[%emt 0:08:35]} 11. Qa4+ {[%emt 0:13:06]} Bd7 {[%emt 0:02:00]} 12. Qc2 {[%emt 0:00:16]} b6 {[%emt 0:01:48]} 13. b3 {[%emt 0:03:45]} O-O {[%emt 0:02:43]} 14. a3 {[%emt 0:00:09]} Nh5 {[%emt 0:10:49]} 15. g3 {[%emt 0:03:52]} h6 {[%emt 0:12:02]} 16. Ne1 {[%emt 0:11:54]} Bh3 {[%emt 0:01:50]} 17. Ng2 {[%emt 0:00:08]} f5 {[%emt 0:03:04]} 18. exf5 {[%emt 0:02:20]} Ne7 {[%emt 0:00:24]} 19. Qd1 {[%emt 0:07:13]} Nf6 {[%emt 0:01:37]} 20. Qc2 {[%emt 0:04:29]} Qd7 {[%emt 0:03:51]} 21. f4 {[%emt 0:03:38]} Nxf5 {[%emt 0:03:17]} 22. fxe5 {[%emt 0:00:22]} Nd4 {[%emt 0:00:22]} 23. Qc3 {[%emt 0:05:11]} dxe5 {[%emt 0:01:34]} 24. Be3 {[%emt 0:00:44]} c5 {[%emt 0:04:51]} 25. Bxd4 {[%emt 0:04:10]} cxd4 {[%emt 0:00:12]} 26. Qc2 {[%emt 0:00:46]} Rae8 {[%emt 0:05:13]} 27. Bf5 {[%emt 0:01:49]} Bxf5 {[%emt 0:00:15]} 28. Qxf5 {[%emt 0:00:05]} Qxf5 {[%emt 0:00:30]} 29. Rxf5 {[%emt 0:00:12]} Ne4 {[%emt 0:04:11]} 30. Rxf8+ {[%emt 0:01:16]} Rxf8 {[%emt 0:00:28]} 31. b4 {[%emt 0:00:39]} a4 {[%emt 0:01:08]} 32. Ne1 {[%emt 0:01:10]} Nc3 {[%emt 0:01:19]} 33. d6 {[%emt 0:01:23]} e4 {[%emt 0:00:50]} 34. c5 {[%emt 0:02:05]} d3 {[%emt 0:02:32]} 35. Ng2 {[%emt 0:00:19]} Rd8 {[%emt 0:01:28]} 36. Ne3 {[%emt 0:01:34]} bxc5 {[%emt 0:00:42]} 37. bxc5 {[%emt 0:00:02]} Kf7 {[%emt 0:00:09]} 38. Kf2 {[%emt 0:01:20]} Ke6 {[%emt 0:00:27]} 39. Rc1 {[%emt 0:00:26]} Rf8+ {[%emt 0:01:16]} 40. Kg2 {[%emt 0:00:00]} Nd5 {[%emt 0:00:00]} 41. Nc4 {[%emt 0:14:16]} e3 {[%emt 0:05:50]} 42. Re1 {[%emt 0:02:29]} d2 {[%emt 0:03:29]} 43. Ra1 {[%emt 0:00:53]} Rc8 {[%emt 0:02:46]} 0-1